000 00500nam a2200133 a 4500
008 120416s1971 xx |||||||||||||| || u
050 _aHG 186.G7 She
100 _aSheppard, David K
245 1 4 _aThe growth and role of U.K. financial institutions, 1880-1962
260 _a
_bMethuen
_c1971
300 _axii, 207p. : ill
350 _a0.00
995 _D0.00
_FCBU-MAIN LIBRARY (Kitwe)
_H1
_I0.00
_M1
_UAVAILABLE
_ZMain Library Open Access Collection
999 _c45013
_d45013